[Event "Sparkassen Chess Trophy 2024 A-Open"]
[Site "Dortmund"]
[Date "2024.08.17"]
[Round "8"]
[White "Tomasjan, Samuel"]
[Black "Knudsen, Simon"]
[Result "1/2-1/2"]
[WhiteElo "2011"]
[BlackElo "2251"]
[PlyCount "132"]
[EventDate "2024.08.10"]

1. e4 c5 2. Nf3 Nc6 3. c3 e5 4. Bb5 a6 5. Bxc6 dxc6 6. O-O f6 7. h3 Qd3 8. Re1 Be6 9. Re3 Qd7 10. Na3 g5 11. d4 cxd4 12. cxd4 exd4 13. Qxd4 O-O-O 14. Qa7 Bd6 15. Bd2 Bb8 16. Qc5 Qe7 17. Qxe7 Nxe7 18. Bc3 Rhf8 19. Nc2 Bg8 20. Ree1 Ng6 21. Ne3 Ne5 22. Bxe5 Bxe5 23. Nxe5 fxe5 24. Re2 Be6 25. b3 Rd3 26. Nf1 Rfd8 27. Rc1 Rd1 28. Rc5 Ra1 29. Rxe5 Rd6 30. f3 h6 31. Kf2 b5 32. h4 gxh4 33. Rh5 a5 34. Rxh6 Kd7 35. Rxh4 a4 36. bxa4 Bc4 37. Rh7+ Kc8 38. Re1 Rxa2+ 39. Kg1 Bxf1 40. Kxf1 bxa4 41. e5 Rdd2 42. Rg7 a3 43. e6 Rf2+ 44. Kg1 Rfe2 45. Rxe2 Rxe2 46. Ra7 a2 47. e7 Rxe7 48. Rxa2 Rc7 49. Rd2 c5 50. Kf2 Kb7 51. Rd6 c4 52. Ke2 Rg7 53. g4 Re7+ 54. Kd2 Rf7 55. Ke3 Re7+ 56. Kf2 c3 57. Rd1 Kb6 58. f4 Kc5 59. f5 Rc7 60. Ke3 c2 61. Rc1 Kd5 62. Kd3 Rg7 63. Rxc2 Rxg4 64. Ke3 Ke5 65. Rc5+ Kf6 66. Kf3 Ra4 {erfasst durch pgnApp - www.pgn-app.com} 1/2-1/2

[Event "Sparkassen Chess Trophy 2024 A-Open"]
[Site "Dortmund"]
[Date "2024.08.17"]
[Round "8"]
[White "Song, Ethan"]
[Black "Beisteiner, Joachim"]
[Result "1-0"]
[WhiteElo "2269"]
[BlackElo "2089"]
[PlyCount "93"]
[EventDate "2024.08.10"]

1. e4 e5 2. Nf3 Nc6 3. Bb5 a6 4. Ba4 Nf6 5. O-O Be7 6. Re1 b5 7. Bb3 d6 8. c3 O-O 9. h3 Nb8 10. d4 Nbd7 11. Nbd2 Bb7 12. Bc2 Re8 13. Nf1 Bf8 14. Ng3 a5 15. b3 c5 16. d5 g6 17. Be3 Qc7 18. Nd2 Ba6 19. Qe2 Reb8 20. Rec1 Nb6 21. Bd3 a4 22. b4 Nfd7 23. a3 c4 24. Bc2 Bg7 25. Ndf1 Nc8 26. Qd2 Ne7 27. Nh2 Qd8 28. Rf1 Kh8 29. f4 Ng8 30. f5 f6 31. fxg6 hxg6 32. h4 Ne7 33. h5 Qe8 34. Qe2 Bc8 35. Rf2 Rb7 36. Raf1 Ng8 37. hxg6 Qxg6 38. Nf5 Bf8 39. Rf3 Nb8 40. Rg3 Bxf5 41. Rxg6 Bxg6 42. Qg4 Kg7 43. Rf3 Ne7 44. Rg3 Nd7 45. Nf3 Kf7 46. Qe6+ Ke8 47. Rxg6 {erfasst durch pgnApp - www.pgn-app.com} 1-0

[Event "Sparkassen Chess Trophy 2024 A-Open"]
[Site "Dortmund"]
[Date "2024.08.17"]
[Round "8"]
[White "Fronda, Jan Jodilyn"]
[Black "Kueppers, Timo"]
[Result "1-0"]
[WhiteElo "2089"]
[BlackElo "2288"]
[PlyCount "139"]
[EventDate "2024.08.10"]

1. e4 c5 2. c3 Nf6 3. e5 Nd5 4. Nf3 Nc6 5. Bc4 Nb6 6. Bb3 d5 7. d4 cxd4 8. cxd4 Bg4 9. Be3 e6 10. O-O Be7 11. Nbd2 Rc8 12. Qe2 O-O 13. Rac1 Qd7 14. h3 Bh5 15. Bc2 Kh8 16. Bb1 Na5 17. g4 Bg6 18. Bg5 Bxb1 19. Nxb1 Bxg5 20. Nxg5 Qe7 21. f4 Rc4 22. Qd3 g6 23. Qa3 Nc6 24. Qxe7 Nxe7 25. Na3 Rxc1 26. Rxc1 Nc6 27. Nb5 Nc8 28. Nf3 Kg7 29. f5 gxf5 30. gxf5 exf5 31. Kf2 Rd8 32. Ke3 a6 33. Rg1+ Kf8 34. Nc3 N8e7 35. Ng5 Ng6 36. Ne2 h6 37. Ne6+ fxe6 38. Rxg6 Rc8 39. Nf4 Nd8 40. Rxh6 Kg7 41. Rf6 b5 42. h4 a5 43. h5 Nf7 44. Nh3 Rh8 45. Rg6+ Kf8 46. Nf4 Rh7 47. h6 Ke7 48. Nh3 b4 49. Rg7 Rxg7 50. hxg7 Nh6 51. Ng5 Ng8 52. a3 bxa3 53. bxa3 Kd7 54. Kd3 Ne7 55. Kc3 Ke8 56. Kb3 f4 57. Kc3 Kd7 58. Kd3 Kc6 59. a4 Kd7 60. Ke2 Ng8 61. Kf3 Ke7 62. Kxf4 Nh6 63. Kf3 Ke8 64. Nxe6 Kf7 65. Nc7 Nf5 66. Kf4 Nxg7 67. Nxd5 Ne6+ 68. Ke4 Ke8 69. Nb6 Kd8 70. Nc4 {erfasst durch pgnApp - www.pgn-app.com} 1-0

[Event "Sparkassen Chess Trophy 2024 A-Open"]
[Site "Dortmund"]
[Date "2024.08.17"]
[Round "8"]
[White "Gallasch, Jonas"]
[Black "Lyutsinger, Iren"]
[Result "1-0"]
[WhiteElo "2260"]
[BlackElo "2176"]
[PlyCount "113"]
[EventDate "2024.08.10"]

1. Nf3 Nf6 2. g3 d5 3. Bg2 c5 4. O-O e6 5. c4 d4 6. e3 Nc6 7. exd4 cxd4 8. d3 Bd6 9. Nbd2 O-O 10. Ng5 h6 11. Nge4 e5 12. a3 a5 13. Nxf6+ Qxf6 14. f4 Qg6 15. Ne4 Bc7 16. Qf3 f5 17. Nc5 Kh8 18. Bd2 a4 19. Qd1 e4 20. Qc2 Re8 21. Rae1 b6 22. Nxa4 exd3 23. Rxe8+ Qxe8 24. Qd1 Bb7 25. b3 Nd8 26. Re1 Be4 27. Bxe4 fxe4 28. Qf3 Nb7 29. Rxe4 Qc6 30. Qxd3 Rxa4 31. Re7 Rxa3 32. Qxd4 Qc5 33. Qxc5 Nxc5 34. Rxc7 Rxb3 35. f5 Kg8 36. Bf4 Nd3 37. Bd6 Rb1+ 38. Kg2 Rd1 39. Rc6 Rb1 40. Bc7 Rb2+ 41. Kf3 Rc2 42. Ke3 Nb4 43. Rg6 Rxc4 44. Be5 Nc6 45. Bb2 Rc2 46. Rxg7+ Kf8 47. Bf6 Rxh2 48. Rc7 Na5 49. Be5 b5 50. Bf4 Nc4+ 51. Kd4 Rh1 52. Kd5 Kg8 53. f6 Kf8 54. Ke6 Re1+ 55. Kf5 Rh1 56. Kg6 Ke8 57. f7+ {erfasst durch pgnApp - www.pgn-app.com} 1-0

[Event "Sparkassen Chess Trophy 2024 A-Open"]
[Site "Dortmund"]
[Date "2024.08.17"]
[Round "8"]
[White "Bashirov, Kemal"]
[Black "Pipiras, Filipa Fortuna"]
[Result "1/2-1/2"]
[WhiteElo "2339"]
[BlackElo "2192"]
[PlyCount "73"]
[EventDate "2024.08.10"]

1. e4 c5 2. Nf3 Nc6 3. d4 cxd4 4. Nxd4 e6 5. Nc3 Qc7 6. g3 a6 7. Bg2 Nf6 8. O-O Nxd4 9. Qxd4 Bc5 10. Bf4 d6 11. Qd2 h6 12. Rad1 e5 13. Be3 Bxe3 14. fxe3 Be6 15. Qxd6 Rc8 16. Qxc7 Rxc7 17. Rd2 Ke7 18. Rfd1 b5 19. a3 Rb8 20. Rd6 Bc8 21. Rxf6 Rxc3 22. Rxf7+ Kxf7 23. bxc3 Ke7 24. Rb1 Rb7 25. Bf1 Rc7 26. c4 bxc4 27. Rb4 Be6 28. Kf2 Kd6 29. Rb6+ Rc6 30. Rb7 Rc7 31. Rb6+ Rc6 32. Rb8 Kc7 33. Re8 Kd6 34. Rb8 Kc7 35. Re8 Kd6 36. Ra8 Kc7 37. Rb8 {erfasst durch pgnApp - www.pgn-app.com} 1/2-1/2

[Event "Sparkassen Chess Trophy 2024 A-Open"]
[Site "Dortmund"]
[Date "2024.08.17"]
[Round "8"]
[White "Ohler, Julius"]
[Black "Zamengo, Fulvio"]
[Result "1-0"]
[WhiteElo "2182"]
[BlackElo "2342"]
[PlyCount "51"]
[EventDate "2024.08.10"]

1. d4 e6 2. c4 b6 3. a3 Bb7 4. d5 Nf6 5. Nc3 Bd6 6. Nf3 O-O 7. Bg5 h6 8. h4 Re8 9. Qc2 exd5 10. Bxf6 Qxf6 11. cxd5 Na6 12. e3 Nc5 13. Rd1 a5 14. Be2 Be5 15. Nxe5 Qxe5 16. O-O Re7 17. Rd4 f5 18. b4 Ne4 19. Nxe4 fxe4 20. d6 c5 21. bxc5 bxc5 22. Qb3+ Kh7 23. Qxb7 cxd4 24. dxe7 Re8 25. Qxd7 Rxe7 26. Qxd4 {erfasst durch pgnApp - www.pgn-app.com} 1-0